Company Law: a comprehensive textbook on Companies Act 2013 / (Record no. 171)
[ view plain ]
| 000 -LEADER | |
|---|---|
| fixed length control field | 00563nam a2200181Ia 4500 |
| 008 - FIXED-LENGTH DATA ELEMENTS--GENERAL INFORMATION | |
| fixed length control field | 190805s9999||||xx |||||||||||||| ||und|| |
| 020 ## - INTERNATIONAL STANDARD BOOK NUMBER | |
| International Standard Book Number | 9789350719770 |
| Terms of availability | Rs. 625.00 |
| 082 04 - DEWEY DECIMAL CLASSIFICATION NUMBER | |
| Classification number | 346.54066 |
| Item number | K1419 |
| 100 1# - MAIN ENTRY--PERSONAL NAME | |
| Personal name | Kapoor, G. K. |
| 245 10 - TITLE STATEMENT | |
| Title | Company Law: a comprehensive textbook on Companies Act 2013 / |
| 250 ## - EDITION STATEMENT | |
| Edition statement | 19th ed. |
| 260 ## - PUBLICATION, DISTRIBUTION, ETC. (IMPRINT) | |
| Place of publication, distribution, etc | New Delhi : |
| Name of publisher, distributor, etc | Taxman Publications, |
| Date of publication, distribution, etc | 2016 |
| 300 ## - PHYSICAL DESCRIPTION | |
| Extent | 654 p. |
| Other physical details | : |
| Dimensions | ; |
| 650 #0 - SUBJECT ADDED ENTRY--TOPICAL TERM | |
| Topical term or geographic name as entry element | Corporation law |
| Form subdivision | Textbooks |
| 700 1# - ADDED ENTRY--PERSONAL NAME | |
| Personal name | Dhamija, Sanjay |
| 852 ## - LOCATION/CALL NUMBER | |
| Location | |
| 942 ## - ADDED ENTRY ELEMENTS (KOHA) | |
| Item type | Books |
| Withdrawn status | Lost status | Damaged status | Not for loan | Collection code | Permanent location | Current location | Shelving location | Date acquired | Source of acquisition | Cost, normal purchase price | Total Checkouts | Full call number | Barcode | Date last seen | Date last borrowed | Koha item type | Public note |
|---|---|---|---|---|---|---|---|---|---|---|---|---|---|---|---|---|---|
| Management Studies | IMU Kochi Library | IMU Kochi Library | General Stacks | 2017-06-01 | Sterling Book House | 625.00 | 1 | 346.54066 K1419 | BK003400 | 2022-12-02 | 2022-12-01 | Books | Gen. Shelf-5, Row-5 | ||||
| Management Studies | IMU Kochi Library | IMU Kochi Library | General Stacks | 2017-06-01 | Sterling Book House | 625.00 | 2 | 346.54066 K1419 | BK003401 | 2022-12-02 | 2022-12-01 | Books | Gen. Shelf-5, Row-5 | ||||
| Management Studies | IMU Kochi Library | IMU Kochi Library | General Stacks | 2017-06-01 | Sterling Book House | 625.00 | 346.54066 K1419 | BK003402 | 2019-08-05 | Books | Gen. Shelf-5, Row-5 | ||||||
| Management Studies | IMU Kochi Library | IMU Kochi Library | General Stacks | 2017-06-01 | Sterling Book House | 625.00 | 346.54066 K1419 | BK003403 | 2019-08-05 | Books | Gen. Shelf-5, Row-5 | ||||||
| Management Studies | IMU Kochi Library | IMU Kochi Library | General Stacks | 2017-06-01 | Sterling Book House | 625.00 | 4 | 346.54066 K1419 | BK003399 | 2023-03-17 | 2023-03-17 | Books | Gen. Shelf-5, Row-5 |